000 00345 a2200169 4500
001 190361
020 _a978-85-7412-367-7
040 _cMagnum
100 _aStower, Adam
240 1 0 _aOi, au-au!
_lpor
245 1 0 _aOi, au-au!
300 _a33
362 0 _a2012
440 1 _aBrinque-Book
697 _aLITERATURA INFANTIL
942 _cBK
999 _c190361
_d190361